000 00313nam a2200133 i 4500
001 bg
100 1 _aWEBER, Jan Daniel
245 0 _aZastosowanie podobieĊ„stwa /
_cJan Daniel Weber.
260 _aWarszawa,
_c1975.
040 _cBPK
041 _apol
942 _cKS
008 s pl f |000 0 pol
999 _c18532
_d18532
856 _uhttp://koha.tu.koszalin.pl/cgi-bin/koha/opac-detail.pl?biblionumber=18532
_yKatalog online BPK